[Event "JUG-chT"]
[Site "Niksic"]
[Date "1997.??.??"]
[Round "6"]
[White "Miladinovic, Igor"]
[Black "Cabrilo, Goran"]
[Result "1/2-1/2"]
[WhiteElo "2500"]
[BlackElo "2485"]
[PlyCount "66"]
[EventDate "1997.08.27"]
[Source "ChessBase"]
[SourceDate "1997.09.26"]

1. e4 c5 2. Nf3 Nc6 3. d4 cxd4 4. Nxd4 Qc7 5. Nb5 Qb8 6. Bd3 e6 7. Be3 a6 8. N5c3 b5 9. f4 Nf6 10. Nd2 d5 11. exd5 exd5 12. Nb3 Bd6 13. Qd2 O-O 14. O-O-O d4 15. Nxd4 Nxd4 16. Bxd4 Bxf4 17. Be3 Bxe3 18. Qxe3 Re8 19. Qf2 Bb7 20. h3 Qe5 21. Kb1 b4 22. Ne2 Ne4 23. Qh4 h6 24. Rdf1 Bd5 25. Qf4 Qe6 26. Kc1 Nc5 27. Bf5 Qc6 28. Nd4 Qa4 29. Qd6 Qa5 30. Re1 Red8 31. Nc6 Bxc6 32. Qxc6 g6 33. Bxg6 Qxa2 1/2-1/2

[Event "Balkan-ch"]
[Site "?"]
[Date "2002.12.16"]
[Round "8"]
[White "Ninov Nikolai"]
[Black "Banikas Hristos"]
[Result "0-1"]
[WhiteElo "2465"]
[BlackElo "2520"]
[PlyCount "108"]
[EventDate "2002.??.??"]
[Source "www.chesslib.no"]
[SourceDate "2004.05.04"]

1. e4 c5 2. Nf3 Nc6 3. d4 cxd4 4. Nxd4 Qc7 5. f4 e6 6. c4 Nxd4 7. Qxd4 Nf6 8. Nc3 Bc5 9. Qd3 Ng4 10. Nd1 f5 11. exf5 O-O 12. Be2 exf5 13. Ne3 d6 14. O-O Be6 15. Kh1 Rae8 16. Bxg4 fxg4 17. b3 Qf7 18. Bd2 Qh5 19. f5 Bd7 20. b4 g3 21. h3 Bxe3 22. Bxe3 Bxf5 23. Qd5+ Qf7 24. Qxf7+ Rxf7 25. Bxa7 Bd3 26. Rxf7 Kxf7 27. Rd1 Bxc4 28. Rxd6 Re1+ 29. Bg1 h5 30. Rd7+ Kg6 31. a4 Bf1 32. h4 Kh6 33. Rd2 Re4 34. Bc5 Bc4 35. Rd6+ Kh7 36. Rd7 Rxh4+ 37. Kg1 Re4 38. Re7 Be6 39. Kh1 Re1+ 40. Bg1 h4 41. a5 Kg6 42. b5 h3 43. Rxe6+ Rxe6 44. gxh3 Re5 45. a6 bxa6 46. bxa6 Re2 47. a7 Ra2 48. a8=Q Rxa8 49. Kg2 Ra3 50. Bc5 Rd3 51. Bf8 Kh6 52. Bb4 Kh5 53. Be7 g5 54. Bf6 Kh4 0-1

[Event "Dos Hermanas op"]
[Site "Dos Hermanas"]
[Date "2000.04.09"]
[Round "3"]
[White "Fernandez Garcia, Jose Luis"]
[Black "Miladinovic, Igor"]
[Result "1/2-1/2"]
[WhiteElo "2443"]
[BlackElo "2538"]
[PlyCount "145"]
[EventDate "2000.04.??"]
[Source "ChessBase"]
[SourceDate "2000.05.11"]

1. e4 c5 2. Nf3 Nc6 3. d4 cxd4 4. Nxd4 Qc7 5. Nb5 Qb8 6. g3 Nf6 7. Bg2 a6 8. N5a3 b5 9. c4 e6 10. O-O Bc5 11. cxb5 axb5 12. Nc2 Bb7 13. Bf4 d6 14. b4 Nxb4 15. Nxb4 Bxb4 16. Qb3 Bc5 17. Qxb5+ Nd7 18. Rd1 Ra6 19. Nc3 Rb6 20. Qe2 Bc6 21. Rab1 O-O 22. Rxb6 Nxb6 23. Rb1 Qa7 24. Be3 Qa5 25. Bxc5 dxc5 26. Bf1 Ra8 27. Qe3 Na4 28. Nxa4 Qxa4 29. Rc1 Qxe4 30. Qxe4 Bxe4 31. Rxc5 h6 32. Bg2 Bxg2 33. Kxg2 Rxa2 34. h4 g6 35. Rc7 Kg7 36. Rb7 Kf6 37. Kf3 Ra3+ 38. Kg2 Ra4 39. Rc7 e5 40. Rc6+ Kg7 41. Rb6 Rd4 42. Ra6 h5 43. Rb6 Kf8 44. Rb7 Ke8 45. Rb5 f6 46. Rb7 Rd7 47. Rb6 Ke7 48. Ra6 Rd6 49. Ra7+ Ke6 50. Rb7 Kf5 51. Rb8 e4 52. Rb7 Rd2 53. Re7 Ra2 54. Re8 Ra5 55. Rg8 Rd5 56. Rg7 Re5 57. Rg8 Re6 58. Ra8 g5 59. hxg5 fxg5 60. Ra5+ Re5 61. Ra4 g4 62. Ra3 e3 63. Rxe3 Rxe3 64. fxe3 Ke4 65. Kf2 Kd3 66. e4 Kxe4 67. Ke2 Kd4 68. Kd2 Ke5 69. Ke3 Kf6 70. Kf4 Kg6 71. Ke3 Kf5 72. Kd3 Ke5 73. Ke3 1/2-1/2

[Event "FRA-chT N2 2003/2004"]
[Site "FRA"]
[Date "2004.04.04"]
[Round "11.1"]
[White "Olivier, Jean Christophe"]
[Black "Miladinovic, Igor"]
[Result "0-1"]
[WhiteElo "2360"]
[BlackElo "2614"]
[PlyCount "94"]
[EventDate "2004.10.12"]
[Source "Roberto Alvarez"]
[SourceDate "2004.09.15"]

1. e4 c5 2. Nf3 Nc6 3. d4 cxd4 4. Nxd4 Qc7 5. c4 Nf6 6. Nc3 e6 7. Be2 a6 8. a3 Nxd4 9. Qxd4 Bd6 10. Be3 Be5 11. Qd3 O-O 12. Bd4 d6 13. Rd1 Bd7 14. O-O Bc6 15. Bxe5 dxe5 16. Qe3 a5 17. Rd2 Rfd8 18. Rfd1 Rxd2 19. Rxd2 Rd8 20. Rxd8+ Qxd8 21. f3 Qd4 22. Kf2 a4 23. Qxd4 exd4 24. Na2 Nd7 25. Nb4 Nc5 26. Nd3 Nb3 27. Ke1 Kf8 28. Kd1 f6 29. Nc1 Na5 30. c5 Ke7 31. Kc2 e5 32. g3 Kd7 33. Bf1 Kc7 34. Bh3 Bb5 35. Bf5 h6 36. Nd3 Kc6 37. Be6 Bxd3+ 38. Kxd3 Kxc5 39. f4 b5 40. fxe5 fxe5 41. h4 Nc4 42. Kc2 Ne3+ 43. Kd3 Nd1 44. Kc2 Nf2 45. Bf5 d3+ 46. Kc3 Nd1+ 47. Kxd3 Nxb2+ 0-1

[Event "Novi Sad ol (Men)"]
[Site "Novi Sad YUG"]
[Date "1990.??.??"]
[Round "4"]
[White "Rodriguez Cespedes, Amador"]
[Black "Ardiansyah, Haji"]
[Result "1/2-1/2"]
[WhiteElo "2515"]
[BlackElo "2450"]
[PlyCount "59"]
[EventDate "1990.11.??"]
[Source "www.chesslib.no"]
[SourceDate "2004.05.04"]

1. e4 c5 2. Nf3 Nc6 3. d4 cxd4 4. Nxd4 Qc7 5. Nb5 Qb8 6. c4 Nf6 7. N5c3 e6 8. Be3 Be7 9. Be2 O-O 10. O-O Rd8 11. f4 d6 12. Bf3 Nd7 13. Nd2 a6 14. Qe2 Qc7 15. Rac1 Bf8 16. a3 Rb8 17. b4 b6 18. Nb3 Re8 19. Rfd1 Ne7 20. Nd4 Ng6 21. g3 Bb7 22. h4 Rbc8 23. h5 Ne7 24. Ndb5 axb5 25. Nxb5 Qb8 26. Nxd6 Rc7 27. Nxe8 Qxe8 28. Rc2 Qa8 29. Rcd2 Bc8 30. Rd3 1/2-1/2

[Event "Magistral de VRSA 3rd"]
[Site "Santo Antonio"]
[Date "2000.05.25"]
[Round "6"]
[White "Rocha, Sergio"]
[Black "Yakovich, Yuri"]
[Result "0-1"]
[WhiteElo "2380"]
[BlackElo "2580"]
[PlyCount "64"]
[EventDate "2000.05.20"]
[Source "ChessBase"]
[SourceDate "2000.07.11"]

1. e4 c5 2. Nf3 Nc6 3. d4 cxd4 4. Nxd4 Qc7 5. c4 Qe5 6. Nf3 Qxe4+ 7. Be2 d6 8. O-O Qf5 9. Nc3 Qa5 10. a3 g6 11. b4 Qd8 12. Bb2 Bg7 13. Qd2 Nh6 14. c5 dxc5 15. Nd5 O-O 16. Bxg7 Kxg7 17. Qc3+ f6 18. Rfd1 cxb4 19. axb4 e6 20. b5 exd5 21. bxc6 Rf7 22. Ng5 Re7 23. Bf3 bxc6 24. Qxc6 Rb8 25. Rxd5 Qb6 26. Qc3 Qb4 27. Qxb4 Rxb4 28. Ne4 Bb7 29. Nc3 Bxd5 30. Nxd5 Ra4 31. Rc1 Rd7 32. h3 Nf7 0-1

[Event "Lublin"]
[Site "Lublin"]
[Date "1976.??.??"]
[Round "9"]
[White "Suetin, Alexey S"]
[Black "Ermenkov, Evgenij"]
[Result "1/2-1/2"]
[WhiteElo "2525"]
[BlackElo "2435"]
[PlyCount "35"]
[EventDate "1976.08.??"]
[Source "ChessBase"]

1. e4 c5 2. Nf3 Nc6 3. d4 cxd4 4. Nxd4 Qc7 5. Nb5 Qb8 6. c4 e6 7. Be3 Nf6 8. N5c3 b6 9. Be2 Bb7 10. f4 d6 11. O-O Be7 12. Bf3 O-O 13. Na3 Re8 14. Nc2 Bf8 15. Qd2 Ne7 16. Rad1 Ng6 17. g3 a6 18. a4 1/2-1/2

[Event "Olot"]
[Site "?"]
[Date "1996.??.??"]
[Round "?"]
[White "Rodriguez, Am"]
[Black "Pogorelov, R."]
[Result "1-0"]
[WhiteElo "2510"]
[BlackElo "2450"]
[PlyCount "103"]
[EventDate "1996.??.??"]
[Source "ChessBase"]
[SourceDate "1996.06.01"]

1. e4 c5 2. Nf3 Nc6 3. d4 cxd4 4. Nxd4 Qc7 5. Nb5 Qb8 6. Bd3 a6 7. N5c3 b5 8. Be3 e6 9. Nd2 Nf6 10. f4 d6 11. O-O Be7 12. Kh1 O-O 13. Rf3 Bb7 14. Rh3 g6 15. Qe2 e5 16. Rf1 exf4 17. Bxf4 Ne5 18. Bh6 Re8 19. Nf3 Bc8 20. Nxe5 dxe5 21. Rg3 Be6 22. a4 bxa4 23. Nxa4 Qb7 24. b3 Nd7 25. Nc3 Bf8 26. Bxf8 Rxf8 27. Bc4 Bxc4 28. Qxc4 Rac8 29. Qd3 Nb6 30. Qe3 Rcd8 31. h4 Rd4 32. h5 Qe7 33. Rgf3 f6 34. Rg3 Qg7 35. Ne2 Rd6 36. c4 Rc6 37. Nc3 a5 38. Kg1 Rfc8 39. Qf3 a4 40. hxg6 hxg6 41. Nd5 Nxd5 42. exd5 Rb6 43. bxa4 f5 44. Qe3 Rf6 45. Qxe5 Qa7+ 46. Kh1 Kg7 47. Rh3 Rxc4 48. Qh2 Rf7 49. Rh7+ Kf6 50. Qd6+ Kg5 51. Qd8+ Re7 52. Qxe7+ 1-0

[Event "Valle d'Aosta op 9th"]
[Site "Saint Vincent"]
[Date "2001.02.09"]
[Round "7"]
[White "Bellia, Fabrizio"]
[Black "Fominyh, Alexander"]
[Result "1/2-1/2"]
[WhiteElo "2376"]
[BlackElo "2582"]
[PlyCount "136"]
[EventDate "2001.02.03"]
[Source "ChessBase"]
[SourceDate "2001.03.08"]

1. e4 c5 2. Nf3 Nc6 3. d4 cxd4 4. Nxd4 Qc7 5. Nb5 Qb8 6. c4 e6 7. Be3 b6 8. N1c3 Nf6 9. Be2 a6 10. Nd4 Bb7 11. Nb3 Qc7 12. f3 d6 13. Rc1 Ne5 14. O-O Be7 15. Nd4 O-O 16. Qd2 Rac8 17. Rfd1 Qb8 18. Na4 Ned7 19. b4 Rfe8 20. Nb3 Bc6 21. Nc3 Ba8 22. Na4 Bc6 23. Nc3 Red8 24. Bf1 h6 25. Qf2 Re8 26. Qd2 Ne5 27. Nd4 Bd7 28. Nb1 Rc7 29. Qb2 Ba4 30. Re1 Rec8 31. Nd2 Be8 32. Qb3 Qb7 33. Rc2 Ng6 34. Rec1 Nd7 35. a3 Bf6 36. Ne2 Nde5 37. Nf4 Nxf4 38. Bxf4 Nc6 39. Be3 Nd4 40. Bxd4 Bxd4+ 41. Kh1 Be5 42. Bd3 Ra8 43. a4 Qb8 44. Nf1 Qd8 45. Rd1 Qd7 46. Ra2 a5 47. b5 Bd4 48. Bb1 Be5 49. Qe3 g5 50. Qxb6 Rxc4 51. Ne3 Rb4 52. Nc2 Rc4 53. Ne3 Rc3 54. Ng4 Bg7 55. Rad2 h5 56. Rxd6 Qa7 57. Qxa7 Rxa7 58. Nf2 Rc4 59. Nd3 Rxa4 60. Rd8 Kf8 61. b6 Re7 62. Nc5 Rb4 63. b7 Be5 64. Bc2 Rc4 65. Nd7+ Rxd7 66. R1xd7 Rxc2 67. g3 Rb2 68. Ra8 h4 1/2-1/2

[Event "BL2-West 0102"]
[Site "Germany"]
[Date "2002.03.17"]
[Round "7.1"]
[White "Van der Wiel, John TH"]
[Black "Lazarev, Vladimir"]
[Result "1/2-1/2"]
[WhiteElo "2498"]
[BlackElo "2459"]
[PlyCount "30"]
[EventDate "2001.10.07"]
[Source "ChessBase"]
[SourceDate "2002.07.08"]

1. e4 c5 2. Nf3 Nc6 3. d4 cxd4 4. Nxd4 Qc7 5. Nb5 Qb8 6. g3 a6 7. N5c3 e6 8. Bg2 Nf6 9. O-O Be7 10. a4 d6 11. Be3 Qc7 12. Nd2 b6 13. Qe2 Bb7 14. Rfd1 Nd7 15. f4 O-O 1/2-1/2

[Event "Linares ESP, 11. Anibal Open"]
[Site "?"]
[Date "2005.03.05"]
[Round "9.2"]
[White "Barria Daniel"]
[Black "Korneev Oleg"]
[Result "0-1"]
[WhiteElo "2349"]
[BlackElo "2602"]
[PlyCount "76"]
[EventDate "2005.??.??"]
[Source "www.chesslib.no"]
[SourceDate "2004.05.04"]

1. e4 c5 2. Nf3 Nc6 3. d4 cxd4 4. Nxd4 Qc7 5. Nb5 Qb8 6. Be3 Nf6 7. Nd2 e6 8. f4 a6 9. Nc3 d5 10. exd5 exd5 11. Qe2 Be7 12. Nf3 O-O 13. O-O-O Re8 14. Qd3 Nb4 15. Qd2 Bf5 16. Nd4 Be4 17. a3 Nc6 18. Bd3 Bxd3 19. Qxd3 Bc5 20. g3 Qa7 21. Bg1 Rac8 22. Nxc6 bxc6 23. Bxc5 Qxc5 24. Qd4 Qxd4 25. Rxd4 c5 26. Rd2 d4 27. Nd1 Ne4 28. Re2 f5 29. Nf2 Nxf2 30. Rxf2 Kf7 31. Kd2 Rb8 32. b3 Ke6 33. Re1+ Kd5 34. Rxe8 Rxe8 35. c3 Re3 36. cxd4 cxd4 37. Kc2 h6 38. Kb2 Ke4 0-1

[Event "Vrbas"]
[Site "Vrbas"]
[Date "1977.??.??"]
[Round "10"]
[White "Govedarica, Radovan"]
[Black "Matulovic, Milan"]
[Result "0-1"]
[WhiteElo "2440"]
[BlackElo "2510"]
[PlyCount "70"]
[EventDate "1977.05.??"]
[Source "ChessBase"]

1. e4 c5 2. Nf3 Nc6 3. d4 cxd4 4. Nxd4 Qc7 5. c4 Nf6 6. Nc3 Nxe4 7. Nxe4 Qe5 8. Nb5 Qxe4+ 9. Be2 Qe5 10. O-O a6 11. Nc3 e6 12. Re1 Qd6 13. Qc2 Be7 14. Be3 Nd4 15. Qd2 Nf5 16. Qxd6 Bxd6 17. Bb6 Bb4 18. Rac1 d6 19. Red1 Bd7 20. g4 Ne7 21. a3 Bxc3 22. Rxc3 d5 23. Bf3 Bc6 24. Bc5 dxc4 25. Bxe7 Bxf3 26. Rd8+ Kxe7 27. Rxh8 Rxh8 28. Rxf3 Rd8 29. Rc3 b5 30. Rc2 h5 31. h3 Rd3 32. Kg2 hxg4 33. hxg4 Kd6 34. Kf1 Ke5 35. Ke2 Kf4 0-1

[Event "Sochi"]
[Site "Sochi"]
[Date "1985.??.??"]
[Round "?"]
[White "Horvath, Jozsef"]
[Black "Barlov, Dragan"]
[Result "0-1"]
[WhiteElo "2520"]
[BlackElo "2430"]
[PlyCount "91"]
[EventDate "1985.09.??"]
[Source "ChessBase"]

1. e4 c5 2. Nf3 Nc6 3. d4 cxd4 4. Nxd4 Qc7 5. Nb5 Qb8 6. c4 Nf6 7. N5c3 e6 8. f4 d6 9. Be2 Be7 10. O-O O-O 11. Be3 b6 12. Nd2 Bb7 13. Rc1 Rd8 14. Bf3 Bf8 15. a3 Ne7 16. Bf2 Ng6 17. g3 Ne7 18. Qe2 Nd7 19. Rfd1 a6 20. b4 Qc7 21. Nf1 Rac8 22. Ne3 Qb8 23. Qa2 Nf6 24. Qb1 Bc6 25. Rd2 b5 26. Rcd1 Ba8 27. c5 dxc5 28. Rxd8 Rxd8 29. bxc5 Rxd1+ 30. Nexd1 Nd7 31. Nb2 Nc6 32. Nd3 Qc8 33. a4 b4 34. Nd1 a5 35. N1b2 Ncb8 36. Nc4 Nxc5 37. Nb6 Qd8 38. Nxc5 Qxb6 39. Nd7 Qc7 40. Nxf8 Kxf8 41. Qd3 Bb7 42. h4 Nd7 43. h5 h6 44. Kg2 Qc6 45. g4 f5 46. gxf5 0-1

[Event "Philadelphia Open"]
[Site "Philadelphia, PA USA"]
[Date "1987.??.??"]
[Round "?"]
[White "Byrne, Robert E"]
[Black "Frias Pablaza, Victor J"]
[Result "0-1"]
[WhiteElo "2495"]
[BlackElo "2455"]
[PlyCount "92"]
[EventDate "1987.06.??"]
[Source "www.chesslib.no"]
[SourceDate "2004.05.04"]

1. e4 c5 2. Nf3 Nc6 3. d4 cxd4 4. Nxd4 Qc7 5. Nb5 Qb8 6. c4 Nf6 7. N5c3 e6 8. f4 d6 9. Bd3 Be7 10. O-O b6 11. Nd2 Bb7 12. b3 O-O 13. Bb2 Nd7 14. Qh5 Bf6 15. Rae1 Nd4 16. Kh1 g6 17. Qh3 Bg7 18. Nd1 Qc7 19. f5 e5 20. Ne3 Nf6 21. Nd5 Nxd5 22. exd5 Nxf5 23. Rxf5 Bc8 24. g4 gxf5 25. gxf5 f6 26. Ne4 Bb7 27. Rg1 Rf7 28. Qh4 Kh8 29. Be2 Bf8 30. Bh5 Rg7 31. Bg6 b5 32. Bc1 bxc4 33. bxc4 Qxc4 34. Bh6 Rxg6 35. Rxg6 Qf1+ 36. Rg1 Qf3+ 37. Rg2 Qf1+ 38. Rg1 Qxf5 39. Nxf6 Bxh6 40. Qxh6 Bxd5+ 41. Nxd5 Qf3+ 42. Rg2 Qd1+ 43. Rg1 Qxd5+ 44. Rg2 Qd1+ 45. Rg1 Qf3+ 46. Rg2 Rg8 0-1

[Event "Bad Woerishofen op"]
[Site "Bad Woerishofen"]
[Date "1998.??.??"]
[Round "3"]
[White "Korneev, Oleg"]
[Black "Gustafsson, Jan"]
[Result "1/2-1/2"]
[WhiteElo "2560"]
[BlackElo "2385"]
[PlyCount "76"]
[EventDate "1998.03.05"]
[Source "ChessBase"]
[SourceDate "1998.04.29"]

1. e4 c5 2. Nf3 Nc6 3. d4 cxd4 4. Nxd4 Qc7 5. Nb5 Qb8 6. Bd3 a6 7. N5c3 e6 8. Be3 b5 9. O-O Nf6 10. Nd2 Qc7 11. f4 d6 12. Kh1 Be7 13. Qe2 Bb7 14. Nf3 O-O 15. a3 Na5 16. Bd4 Nd7 17. Rae1 Nc4 18. b3 Ncb6 19. e5 dxe5 20. Nxe5 Bc5 21. Bxc5 Qxc5 22. Ne4 Bxe4 23. Bxe4 Rac8 24. b4 Qc7 25. Bd3 g6 26. Rf3 Nd5 27. Qf2 Nxe5 28. fxe5 Qa7 29. Qd2 Rc3 30. Qh6 f5 31. exf6 Rxf6 32. Be4 Rfxf3 33. Bxf3 Qf7 34. Qd2 Qf4 35. Qd1 Rxa3 36. Rf1 Qe5 37. Bxd5 Qxd5 38. Qg4 Qf5 1/2-1/2

[Event "ChessOrg Open, Bad W"]
[Site "?"]
[Date "1998.??.??"]
[Round "3"]
[White "Korneev Oleg"]
[Black "Gustafsson Jan"]
[Result "1/2-1/2"]
[WhiteElo "2560"]
[BlackElo "2385"]
[PlyCount "76"]
[EventDate "1998.??.??"]
[Source "www.chesslib.no"]
[SourceDate "2004.05.04"]

1. e4 c5 2. Nf3 Nc6 3. d4 cxd4 4. Nxd4 Qc7 5. Nb5 Qb8 6. Bd3 a6 7. N5c3 e6 8. Be3 b5 9. O-O Nf6 10. Nd2 Qc7 11. e5 Kd8 12. Nde4 Ba3 13. Qf3 Qa5 14. Bxb5 Nd5 15. b3 Qxc3 16. Nd2 Nxe5 17. Rae1 Bb2 18. b4 Qc5 19. Qe2 Nxb4 20. h4 Kc7 21. Ra1 Qc4 22. a4 Nbc6 23. Ra2 Rb8 24. Rxb2 Qf4 25. Qf3 Qe4 26. Qd1 axb5 27. Nb1 Qxa4 28. g4 Qe4 29. Re1 Qxc2 30. Rb3 Kd8 31. Qd5 f6 32. Ra3 Nd3 33. Nd2 Qc3 34. Qd4 Nc1 35. Ra5 Rb7 36. Nf1 Ne5 37. Qd1 d5 38. Rxb5 Qc7 1/2-1/2

[Event "Dresden Open"]
[Site "Dresden GER"]
[Date "1995.??.??"]
[Round "?"]
[White "Lau, Ralf"]
[Black "Maiwald, Jens-Uwe"]
[Result "1-0"]
[WhiteElo "2490"]
[BlackElo "2455"]
[PlyCount "79"]
[EventDate "1995.07.??"]
[Source "www.chesslib.no"]
[SourceDate "2004.05.04"]

1. e4 c5 2. Nf3 Nc6 3. d4 cxd4 4. Nxd4 Qc7 5. Nb5 Qb8 6. c4 Nf6 7. N5c3 b6 8. Be2 Bb7 9. O-O e6 10. Kh1 Ne5 11. f4 Ng6 12. Qd3 d6 13. Nd2 Be7 14. Qh3 Qc8 15. Bd1 O-O 16. Bc2 a6 17. a4 b5 18. axb5 axb5 19. Rxa8 Qxa8 20. cxb5 Rc8 21. f5 exf5 22. Qxf5 Ne5 23. Nb3 g6 24. Qf4 Rc4 25. Nd2 Rb4 26. b3 Qa1 27. Ndb1 Qa8 28. Re1 Nfg4 29. h3 Bh4 30. Re2 g5 31. Qd2 Qd8 32. hxg4 Qf6 33. Kg1 Nxg4 34. g3 Rd4 35. Qe1 Ne5 36. Qf2 Nf3+ 37. Kg2 Bc8 38. Qxf3 Bh3+ 39. Kf2 Bxg3+ 40. Kxg3 1-0

[Event "Nis"]
[Site "Nis"]
[Date "1983.??.??"]
[Round "6"]
[White "Chandler, Murray G"]
[Black "Matulovic, Milan"]
[Result "1/2-1/2"]
[WhiteElo "2485"]
[BlackElo "2455"]
[PlyCount "110"]
[EventDate "1983.10.??"]
[Source "ChessBase"]

1. e4 c5 2. Nf3 Nc6 3. d4 cxd4 4. Nxd4 Qc7 5. c4 Nf6 6. Nb5 Qb8 7. N1c3 e6 8. f4 a6 9. Na3 Bb4 10. Bd3 d5 11. cxd5 exd5 12. exd5 Nxd5 13. O-O Nf6 14. Ne4 Nxe4 15. Bxe4 O-O 16. Qc2 Qa7+ 17. Kh1 h6 18. Nc4 Be6 19. f5 Bxc4 20. Qxc4 Qc5 21. Qd3 Qb5 22. Qxb5 axb5 23. f6 Bd6 24. fxg7 Kxg7 25. Bxc6 bxc6 26. Bxh6+ Kxh6 27. Rf6+ Kg7 28. Rxd6 Rfd8 29. Rxd8 Rxd8 30. h3 Rd2 31. b3 b4 32. Rc1 Rxa2 33. Rc4 Rb2 34. Rg4+ Kh6 35. Rxb4 c5 36. Rf4 Kg6 37. Rf3 Rc2 38. Kh2 c4 39. bxc4 Rxc4 40. g4 Ra4 41. Kg3 Ra1 42. h4 f6 43. Rb3 Rg1+ 44. Kf4 Rf1+ 45. Rf3 Ra1 46. h5+ Kg7 47. Rd3 Rf1+ 48. Ke3 Re1+ 49. Kf2 Ra1 50. Rd7+ Kh6 51. Kf3 Rf1+ 52. Ke4 Re1+ 53. Kf5 Rf1+ 54. Ke6 Rf4 55. Rd8 Rxg4 1/2-1/2

[Event "Budapest HUN"]
[Site "?"]
[Date "2000.05.28"]
[Round "7"]
[White "Naiditsch Arkadij"]
[Black "Lazarev Vladimir"]
[Result "1/2-1/2"]
[WhiteElo "2442"]
[BlackElo "2493"]
[PlyCount "127"]
[EventDate "2000.??.??"]
[Source "www.chesslib.no"]
[SourceDate "2004.05.04"]

1. e4 c5 2. Nf3 Nc6 3. d4 cxd4 4. Nxd4 Qc7 5. Nb5 Qb8 6. Bd3 Nf6 7. f4 d6 8. O-O a6 9. N5c3 e6 10. Be3 b5 11. Qf3 Bb7 12. Nd2 Be7 13. Qh3 Nb4 14. Nf3 Nxd3 15. cxd3 O-O 16. f5 Qc8 17. Rac1 Qd7 18. fxe6 Qxe6 19. Qg3 Qg4 20. Qf2 Qd7 21. h3 b4 22. Ne2 Rac8 23. Nfd4 Rxc1 24. Nxc1 Ne8 25. Nf5 Bd8 26. Ne2 f6 27. Nf4 g6 28. Qg3 Kh8 29. Nh4 Rg8 30. Nf3 Qf7 31. b3 a5 32. Bd4 Ng7 33. Nd2 d5 34. Kh1 dxe4 35. dxe4 Ba6 36. Rf2 Ne6 37. Nxe6 Qxe6 38. Qf4 Rf8 39. e5 f5 40. Ne4 Kg8 41. Nc5 Qc6 42. e6 Bc8 43. Re2 g5 44. Qe3 f4 45. Qe4 Qxe4 46. Rxe4 Be7 47. Nd7 Rf5 48. Be5 h5 49. Kg1 f3 50. gxf3 Rxf3 51. Rc4 Bxd7 52. exd7 Rd3 53. Bc7 Rd5 54. d8=Q+ Bxd8 55. Bxd8 Rxd8 56. Rc5 Rd1+ 57. Kf2 Rd2+ 58. Ke3 Rxa2 59. Rxg5+ Kf7 60. Rxh5 Ra3 61. Kd4 Rxb3 62. Rxa5 Rxh3 63. Kc4 Rh4+ 64. Kb3 1/2-1/2

[Event "Firenze"]
[Site "Firenze ITA"]
[Date "1972.??.??"]
[Round "7"]
[White "Mariotti, Sergio"]
[Black "Damjanovic, Mato"]
[Result "1/2-1/2"]
[WhiteElo "2470"]
[BlackElo "2465"]
[PlyCount "68"]
[EventDate "1972.??.??"]
[Source "www.chesslib.no"]
[SourceDate "2004.05.04"]

1. e4 c5 2. Nf3 Nc6 3. d4 cxd4 4. Nxd4 Qc7 5. c4 Nf6 6. Nc3 e6 7. Nc2 a6 8. Be2 b6 9. O-O Bb7 10. f4 Nb4 11. e5 Ne4 12. Nxe4 Bxe4 13. Nxb4 Bxb4 14. a3 Bc5+ 15. Kh1 a5 16. b3 O-O 17. Bb2 d6 18. exd6 Qxd6 19. Qe1 Rad8 20. Qg3 f6 21. Rfe1 Qe7 22. Bf3 Bf5 23. Be4 Bxe4 24. Rxe4 Rd6 25. Qe1 Rfd8 26. h3 Kf7 27. Rb1 Rd3 28. b4 axb4 29. axb4 Bxb4 30. Bxf6 gxf6 31. Qxb4 Qxb4 32. Rxb4 R8d4 33. Rxd4 Rxd4 34. g3 b5 1/2-1/2

[Event "otb"]
[Site "otb"]
[Date "2007.03.08"]
[Round "5"]
[White "Todorovic Jovan"]
[Black "Perunovic Milos"]
[Result "1/2-1/2"]
[WhiteElo "2381"]
[BlackElo "2547"]
[PlyCount "54"]
[Source "www.chesslib.no"]
[SourceDate "2004.05.04"]

1. e4 c5 2. Nf3 Nc6 3. d4 cxd4 4. Nxd4 Qc7 5. Nb5 Qb8 6. Bd3 a6 7. N5c3 e6 8. O-O b5 9. f4 Bb7 10. Be3 d6 11. Nd2 Nf6 12. Qf3 Be7 13. a3 b4 14. Nd1 d5 15. e5 Nd7 16. Qg3 g6 17. Nb3 bxa3 18. bxa3 d4 19. Nxd4 Nxd4 20. Bxd4 Nc5 21. Nf2 Nxd3 22. Qxd3 Qc7 23. Ng4 Qc6 24. Rf2 O-O 25. c3 h5 26. Nf6+ Bxf6 27. exf6 Rfd8 1/2-1/2

[Event "2nd Open"]
[Site "Nantes"]
[Date "2003.12.27"]
[Round "3"]
[White "Berthelot, Yannick"]
[Black "Istratescu, Andrei"]
[Result "0-1"]
[WhiteElo "2331"]
[BlackElo "2595"]
[PlyCount "70"]
[EventDate "2003.12.26"]
[Source "Roberto Alvarez"]
[SourceDate "2004.01.05"]

1. e4 c5 2. Nf3 Nc6 3. d4 cxd4 4. Nxd4 Qc7 5. Nb5 Qb8 6. c4 Nf6 7. N5c3 e6 8. f4 d6 9. Be2 Be7 10. O-O O-O 11. Be3 b6 12. Bf3 Bb7 13. Nd2 Rd8 14. a3 Nd7 15. Rc1 Bf6 16. Ndb1 a6 17. Rf2 e5 18. Nd5 exf4 19. Nxf6+ Nxf6 20. Bxf4 h6 21. Nc3 Ne5 22. Qd4 Nfd7 23. b4 Qc7 24. Be2 Rac8 25. Rff1 Re8 26. Nd5 Bxd5 27. exd5 a5 28. Rfe1 axb4 29. axb4 Re7 30. Bf1 Rce8 31. Qd2 f5 32. Be3 Nf6 33. c5 bxc5 34. bxc5 Neg4 35. cxd6 Qxd6 0-1